Business essentials (11th edition) (Record no. 79005)

MARC details
000 -LEADER
fixed length control field 01380nam a2200277 a 4500
008 - FIXED-LENGTH DATA ELEMENTS--GENERAL INFORMATION
fixed length control field 190520s2016 ||||||||||||||||| || u
020 ## - INTERNATIONAL STANDARD BOOK NUMBER
International Standard Book Number 9781292152240 (pbk.)
050 ## - LIBRARY OF CONGRESS CALL NUMBER
Classification number HD 70.U5 Ebe
100 ## - MAIN ENTRY--PERSONAL NAME
Personal name Griffin, Ricky W
245 10 - TITLE STATEMENT
Title Business essentials (11th edition)
Statement of responsibility, etc. Ronald J. Ebert, Ricky W. Griffin.
250 ## - EDITION STATEMENT
Edition statement 11th edition
260 ## - PUBLICATION, DISTRIBUTION, ETC.
Place of publication, distribution, etc. Harlow
Name of publisher, distributor, etc. Pearson Education
Date of publication, distribution, etc. 2016
300 ## - PHYSICAL DESCRIPTION
Extent 692 pages:illustrations
338 ## -
-- volume
-- rdacarrier
350 ## -
-- 46.98
650 #7 - SUBJECT ADDED ENTRY--TOPICAL TERM
Topical term or geographic name entry element BUSINESS ENTERPRISES
Source of heading or term fast
650 #0 - SUBJECT ADDED ENTRY--TOPICAL TERM
Topical term or geographic name entry element INDUSTRIAL MANAGEMENT
700 ## - ADDED ENTRY--PERSONAL NAME
Personal name Ebert, Ronald J
995 ## -
-- MAIN LIBRARY OPEN ACCESS
-- 46.98
-- 749046
-- CBU-MAIN LIBRARY (Kitwe)
-- 46.98
-- HD 70.U5 Ebe
-- 3
-- AVAILABLE
-- May 20, 2019
-- 749046
-- Main Library Open Access Collection
995 ## -
-- ANNEX COLLECTION (Main Library)
-- 46.98
-- 749047
-- CBU-MAIN LIBRARY (Kitwe)
-- 46.98
-- HD 70.U5 Ebe
-- 4
-- AVAILABLE
-- May 20, 2019
-- 749047
-- Annex Low-Usage Collection
995 ## -
-- MAIN LIBRARY OPEN ACCESS
-- 46.98
-- 749045
-- CBU-MAIN LIBRARY (Kitwe)
-- 46.98
-- HD 70.U5 Ebe
-- 2
-- AVAILABLE
-- May 20, 2019
-- 749045
-- Main Library Open Access Collection
995 ## -
-- ANNEX COLLECTION (Main Library)
-- 46.98
-- 749044
-- CBU-MAIN LIBRARY (Kitwe)
-- 46.98
-- HD 70.U5 Ebe
-- 1
-- AVAILABLE
-- May 20, 2019
-- 749044
-- Annex Low-Usage Collection
999 ## -
-- 79005
-- 79005

No items available.